000 00827cab a2200265 4500
001 ABS58662
008 090401t1998 xxu||||| |||| 00| 0 eng d
035 _a(Sirsi) u86346
041 _aeng
100 _aBarnes, R.
245 _aUnwarranted warranties
250 _a0
260 _c1998
350 _a0
490 _aBuilding
_v263(18) 1 May 1998, 34-35(2)
520 _aExplains that despite often being asked to provide warranties that completed works are fit for purpose, there is no legal requirement for consultants to provide such assurances. For those who do, there may be unfair liabilities.
650 _aCONSULTANTS
650 _aFITNESS FOR PURPOSE
650 _aLIABILITY
650 _aWARRANTIES
650 _aWORKMANSHIP
690 _aBUILT ENVIRONMENT
942 _n0
948 _c21/05/1998
999 _c54338
_d54338